Návrat ku koncertnej sezóne SF

Bibliographic Details
Main Author: Földešová, Marta, 1948- (Author)
Format: Article
Language:Slovak
Subjects:

MARC

LEADER 00000nab a2200000 a 4500
001 vtls000500723
003 SK-MaSNL
005 20260303194517.0
008 140422c1993 xo 0 slo
015 |a SNBRB19rr/mm-uuuuu 
035 |a CL0500861 
040 |a SNKBUCL  |b slo  |c SNKBUCL  |e AACR2 
041 0 |a slo 
044 |a xo  |c SK 
080 |a 78.071.2:785.11  |2 1981 
080 |a 785.11  |2 1981 
100 1 |a Földešová, Marta,  |d 1948-  |4 aut  |9 6116 
245 1 0 |a Návrat ku koncertnej sezóne SF  |c Marta Földešová 
610 2 7 |a Slovenská filharmónia  |2 snkbucl  |9 145774 
655 7 |a články z novín a časopisov  |2 snkbucl  |9 267496 
773 0 |t Literárny týždenník  |g Roč. 6, č. 31 (1993), s. 14-15 
850 |a Slovenská národná knižnica v Martine  |a MTA001 
852 |a SNK  |b KIS3GCP 
958 |a RK 
999 |c 2158021  |d 2159951